Top US Colleges for Business - Statistics

General Stats
  • This quiz has been taken 26 times
  • The average score is 36 of 50
Answer Stats
Hint Answer % Correct
5 Harvard
100%
16 UCLA
100%
4 MIT
96%
21 USC
96%
10 Yale
96%
8 Columbia
91%
34 Florida
91%
7 Stanford
91%
18 Texas
91%
31 Georgia
87%
11 Michigan
87%
3 Penn
87%
22 Washington
87%
9 California
83%
6 Dartmouth
83%
12 Duke
83%
20 Indiana
83%
19 North Carolina
83%
14 Virginia
83%
15 Cornell
78%
13 NYU
78%
36 Penn State
78%
44 Arizona
74%
45 Colorado
74%
26 Minnesota
74%
2 Northwestern
74%
41 Illinois
70%
1 UChicago
70%
27 Wisconsin
70%
24 Georgetown
65%
37 Maryland
65%
33 Texas A&M
65%
38 Boston College
61%
28 Boston U
61%
23 Emory
61%
50 Kansas
61%
43 Pittsburgh
61%
32 Arizona State
57%
49 Baylor
57%
17 Carnegie Mellon
57%
42 Iowa
57%
35 Michigan State
57%
29 Notre Dame
57%
25 Rice
57%
47 Temple
52%
46 UConn
52%
39 SMU
48%
30 Washington St. Louis
39%
48 Fordham
30%
40 Rochester
26%
No matching quizzes found
Score Distribution
Percent of People with Each Score
Percentile by Number Answered
Your Score History
You have not taken this quiz